00242nam a22000977a 4500003000400000082001300004100004300017245005000060260002600110300000800136SGT a370bSAC aसचदेवा, डॉ. म. स.  aअधिगम एवं शिक्षण  aPUNJABbT.C.P. c2016 a356